<?xml version="1.0" encoding="UTF-8"?>
<collection xmlns="http://www.loc.gov/MARC21/slim">
 <record>
  <leader>03232nam a2200241Ia 4500</leader>
  <controlfield tag="001">CTU_239286</controlfield>
  <controlfield tag="008">210402s9999    xx            000 0 und d</controlfield>
  <datafield tag="082" ind1=" " ind2=" ">
   <subfield code="a">636.5089</subfield>
  </datafield>
  <datafield tag="082" ind1=" " ind2=" ">
   <subfield code="b">Ph561</subfield>
  </datafield>
  <datafield tag="088" ind1=" " ind2=" ">
   <subfield code="a">8640101</subfield>
  </datafield>
  <datafield tag="100" ind1=" " ind2=" ">
   <subfield code="a">Lê, Nguyễn Nam Phương</subfield>
  </datafield>
  <datafield tag="245" ind1=" " ind2="0">
   <subfield code="a">Khảo sát hiệu quả điều trị của thực khuẩn thể đối với vi khuẩn Salmonella gây bệnh trên gà nòi và khả năng tồn trữ thực khuẩn thể :</subfield>
  </datafield>
  <datafield tag="245" ind1=" " ind2="0">
   <subfield code="b">Luận văn tốt nghiệp Cao học. Chuyên ngành Thú y</subfield>
  </datafield>
  <datafield tag="245" ind1=" " ind2="0">
   <subfield code="c">Lê Nguyễn Nam Phương ; Nguyễn Trọng Ngữ (Cán bộ hướng dẫn)</subfield>
  </datafield>
  <datafield tag="260" ind1=" " ind2=" ">
   <subfield code="a">Cần Thơ</subfield>
  </datafield>
  <datafield tag="260" ind1=" " ind2=" ">
   <subfield code="b">Trường Đại học Cần Thơ</subfield>
  </datafield>
  <datafield tag="260" ind1=" " ind2=" ">
   <subfield code="c">2020</subfield>
  </datafield>
  <datafield tag="520" ind1=" " ind2=" ">
   <subfield code="a">Đề tài được thực hiện nhằm khảo sát khả năng điều trị của thực khuẩn thể (TKT) đối với vi khuẩn Salmonella gây bệnh trên gà Nòi và đánh giá khả năng tồn trữ thực khuẩn thể ở các điều kiện nhiệt độ và môi trường bảo quản khác nhau. Khảo sát hiệu quả điều trị của thực khuẩn thể được tiến hành trên 315 cá thể gà Nòi được gây nhiễm với Salmonella Typhimurium trong giai đoạn từ 1 ngày tuổi đến 28 ngày tuổi với 7 nghiệm thức và 3 lần lặp lại. Sau đó, tiếp tục theo dõi tăng trưởng của gà Nòi từ 28 ngày tuổi đến 98 ngày tuổi. Bên cạnh đó, thí nghiệm tồn trữ thực khuẩn thể cũng được tiến hành với 4 điều kiện nhiệt độ như nhiệt độ phòng, 4°C, -20°C và -80oC cùng với 3 môi trường bảo quản là Glycerol (50%), SM buffer (10%) và DMSO (5%) trong thời gian 12 tháng. Kết quả cho thấy, thực khuẩn thể có khả năng kiểm soát tốt vi khuẩn Salmonella. Cụ thể các nghiệm thức bổ sung TKT giúp tăng tỷ lệ sống của gà từ 28,9-40% so với nghiệm thức chỉ gây nhiễm Salmonella. Sau 21 ngày điều trị bằng thực khuẩn thể mật số vi khuẩn Salmonella giảm và hầu như không còn trong các cơ quan (tim, gan, lách) của gà. Việc bổ sung TKT không những không làm ảnh hưởng đến năng suất sinh trưởng của gà mà còn cải thiện tỷ lệ tiêu tốn thức ăn và giảm FCR. Kết quả tồn trữ TKT trong 12 tháng cho thấy môi trường Glycerol (50%) và SM (10%) đảm bảo được mật số TKT tốt hơn môi trường DMSO (5%). Cả hai môi trường Glycerol (50%) và SM (10%) đều cho thấy bảo quản TKT ở nhiệt độ 4°C sẽ là tối ưu nhất.</subfield>
  </datafield>
  <datafield tag="650" ind1=" " ind2=" ">
   <subfield code="a">Chickens,Gà</subfield>
  </datafield>
  <datafield tag="650" ind1=" " ind2=" ">
   <subfield code="x">Diseases,Bệnh</subfield>
  </datafield>
  <datafield tag="904" ind1=" " ind2=" ">
   <subfield code="i">Hải</subfield>
  </datafield>
  <datafield tag="910" ind1=" " ind2=" ">
   <subfield code="c">tvtrong</subfield>
  </datafield>
  <datafield tag="980" ind1=" " ind2=" ">
   <subfield code="a">Trung tâm Học liệu Trường Đại học Cần Thơ</subfield>
  </datafield>
 </record>
</collection>
